Cerrando brechas: Oferta educativa y ambiente físico escolar (Record no. 8037)

MARC details
000 -LEADER
campo de control de longitud fija 00382nam a2200133Ia 4500
001 - NÚMERO DE CONTROL
campo de control 2566
008 - DATOS DE LONGITUD FIJA--INFORMACIÓN GENERAL
campo de control de longitud fija 241024s9999 xx 000 0 und d
082 ## - NÚMERO DE LA CLASIFICACIÓN DECIMAL DEWEY
Número de clasificación RD/624.7/R426c/2009
100 ## - ENTRADA PRINCIPAL--NOMBRE DE PERSONA
Nombre de persona República Dominicana. Secretaría de Estado de Educación
245 #0 - MENCIÓN DEL TÍTULO
Título Cerrando brechas: Oferta educativa y ambiente físico escolar
260 ## - PUBLICACIÓN, DISTRIBUCIÓN, ETC.
Nombre del editor, distribuidor, etc. Santo Domingo
590 ## - NOTA LOCAL (RLIN)
Nota local si

No items available.

© 2024. Todos los Derechos Reservados. Desarrollado por IDEICE